6 Most Famous Cities in Djibouti on a Map - Statistics

General Stats
  • This quiz has been taken 91 times
  • The average score is 3 of 6
Answers on the Map
Answers color-coded by a green-red scale on the quiz's map according to % correct below.
 
Answer Stats
Wiki Monthly Views Cityquiz Mention Rate Population Answers % Correct
24.34K 37.24% 776.97K Djibouti
100%
1.14K 0.34% 44.78K Ali Sabieh
50%
0.99K 0.46% 11.22K Arta
46%
0.71K 0.31% 27.38K Dikhil
44%
1.59K 0.41% 20.15K Obock
42%
1.62K 0.08% 18.81K Tadjoura
42%
No matching quizzes found
Score Distribution
Percent of People with Each Score
Percentile by Number Answered
Your Score History
You have not taken this quiz